007780000a22002170004500090001300000245015600013260000900169044001300178041001400191690002900205690003000234690003400264690002600298700004200324700003900366700004200405100004300447942001300490773004000503999001700543 aSeriadas10aAspectos reproductivos de la orquídea Masdevallia ignea Rchb.f en condiciones de cultivo en el Jardín Botánico de Bogotá José Celestino Mutis c2005 aColombia0 aEspañol aFlora de colombia929781 aBosque altoandino9100547 aBiología reproductiva93705 aPolinización9940271 aBonilla Gómez, María Argenis99381 aCure Hakim, José Ricardo91005481 aPacheco Salamanca, Ricardo A.91005441 aChavarro Rodríguez, Nathalia9100549 cARTICULO1 tPérez Arbelaeziah16q59-70d2005 c16305d16305